000 00609cam a22002051 4500
001 sa 68015995
003 DLC
005 20260227112651.0
008 891222s1966 io 000 0 ind
010 _asa 68015995
035 _a(OCoLC)23537106
040 _aDLC
_cMiU
_dDLC
042 _apremarc
050 0 0 _aLAW <Indonesia 4 Health 1966>
110 1 _aIndonesia.
245 1 0 _aHimpunan perundang-undangan kesehatan 1960-1965.
260 _a[Djakarta]
_bBagian Penerbitan Biro Hubungan Masjarakat, Departemen Kesehatan
_c[1966]
300 _a96 p.
_c22 cm.
650 0 _aPublic health laws
_zIndonesia.
999 _c86855
_d86855